000 00442nmm a2200169Ia 4500
008 251105s9999||||xx |||||||||||||||||und||
020 _a9788493944308
041 _aspa
100 _aSerrano, Javier
245 0 _aLa jaula
264 _a[Madrid, España] :
_bEutelequia,
_c2011
300 _a212 páginas
490 _aNarrativa
650 _aSpanish narrative
856 _uhttps://public.digitaliapublishing.com/a/14633
942 _cCF
999 _c89287
_d89287